| 000 | 00586nam a2200193Ia 4500 | ||
|---|---|---|---|
| 003 | OSt | ||
| 005 | 20250201122006.0 | ||
| 008 | 210210b1967 xxu||||| |||| 00| 0 eng d | ||
| 040 | _cAL | ||
| 041 | _aKannada | ||
| 082 | _aK894.3 VIRA | ||
| 100 |
_aVIRAKESARI SITARAMASHASTRI. _dವೀರಕೇಸರಿ ಸೀತಾರಾಮಶಾಸ್ತ್ರಿ _9167040 |
||
| 245 |
_aAparadhi Samrat. _bಅಪರಾಧಿ ಸಾಮ್ರಾಟ್ |
||
| 260 |
_aBengaluru _bShri Sayi Prakashana _c1967 |
||
| 300 | _a150 | ||
| 690 |
_aKannada Fiction _9167041 |
||
| 906 | _a027259 | ||
| 942 |
_2ddc _cBK |
||
| 999 |
_c78552 _d78552 |
||